[Event "OGD Prinsenstad-toernooi - A groep"]
[Site "Delft"]
[Date "2011.04.23"]
[Round "3.2"]
[White "Ootes, Lars"]
[Black "Van den Doel, Erik"]
[Result "0-1"]
[WhiteElo "2391"]
[BlackElo "2557"]
[PlyCount "76"]
[EventDate "2011.04.22"]
[EventType "swiss"]
[EventRounds "6"]
[EventCountry "NED"]
[Source "DSC"]
[SourceDate "2011.04.22"]

1. e4 c5 2. Nf3 d6 3. d4 cxd4 4. Nxd4 Nf6 5. Nc3 e6 6. g4 h6 7. h4 Nc6 8. Rg1
h5 9. gxh5 Nxh5 10. Bg5 Qb6 11. Nb3 a6 12. Be2 Nf6 13. Rg3 Qc7 14. h5 b5 15. a3
Bb7 16. h6 Nd7 17. Bh5 Nf6 18. Be2 Rc8 19. f4 b4 20. axb4 Nxb4 21. Ra4 Qb6 22.
Bb5+ axb5 23. Rxb4 Rxc3 24. bxc3 Nxe4 25. Rxe4 Bxe4 26. Qd4 Qxd4 27. Nxd4 Kd7
28. Rh3 gxh6 29. Nxb5 Bxc2 30. Nd4 Be4 31. Bf6 Rg8 32. Re3 d5 33. Re2 Rg6 34.
Ra2 Rxf6 35. Ra7+ Kd6 36. Ra6+ Kc7 37. Ra7+ Kb6 38. Ra8 Bd6 0-1

[Event "OGD Prinsenstad-toernooi - A groep"]
[Site "Delft"]
[Date "2011.04.23"]
[Round "3.4"]
[White "Haast, Mark"]
[Black "Haver, Bas"]
[Result "1-0"]
[WhiteElo "2268"]
[BlackElo "1958"]
[Annotator "Prinsenstad-toernooi"]
[PlyCount "35"]
[EventDate "2011.04.22"]
[EventType "swiss"]
[EventRounds "6"]
[EventCountry "NED"]
[Source "DSC"]
[SourceDate "2011.04.22"]

1. e4 c5 2. Nc3 Nc6 3. f4 g6 4. Nf3 Bg7 5. Bb5 Nd4 6. O-O Nxb5 7. Nxb5 a6 8.
Nc3 b5 9. d3 Bb7 10. f5 Nf6 11. Qe1 O-O 12. Qh4 d5 13. e5 Nd7 $2 (13... d4) 14.
Bh6 (14. e6 $1) 14... Nxe5 $6 (14... f6) 15. Ng5 Bf6 16. Bxf8 Bxg5 17. Qxg5
Kxf8 $2 (17... f6 18. Bxe7 Qxe7 19. Qg3 $18) 18. Rae1 (18. Rae1 Nd7 19. fxg6
hxg6 20. Qxg6 $18) 1-0

[Event "OGD Prinsenstad-toernooi - A groep"]
[Site "Delft"]
[Date "2011.04.23"]
[Round "3.7"]
[White "Goes, Sten"]
[Black "Kirna, Marco"]
[Result "0-1"]
[WhiteElo "2206"]
[BlackElo "2206"]
[Annotator "Dimitri Reinderman"]
[PlyCount "112"]
[EventDate "2011.04.22"]
[EventType "swiss"]
[EventRounds "6"]
[EventCountry "NED"]
[Source "DSC"]
[SourceDate "2011.04.22"]

1. e4 d6 2. d4 Nf6 3. Nc3 g6 4. Bg5 c6 5. f4 Bg7 6. Qd2 b5 7. Bd3 O-O 8. Nf3
Nbd7 9. O-O b4 10. Ne2 Qb6 11. Kh1 Bb7 12. e5 Nd5 13. c4 bxc3 14. bxc3 dxe5 15.
fxe5 Qd8 16. Bh6 e6 17. Ng3 f6 18. exf6 N7xf6 19. Bxg7 Kxg7 20. Rae1 Qd6 21.
Ng5 Rae8 22. N3e4 Nxe4 23. Nxe4 Qe7 24. Nc5 Bc8 25. c4 Nc7 26. Rxf8 Rxf8 27.
Qe3 Qd6 28. h3 Rd8 29. Nb3 Rf8 30. Be4 Kg8 31. Na5 Ne8 (31... c5 32. dxc5 Qd7
$16) 32. Nxc6 Ng7 33. d5 Nh5 34. Bf3 Ng3+ 35. Kg1 Nf5 36. Qxa7 Bd7 37. Ne5 Be8
$2 (37... Qb4 38. Kf2) 38. c5 Qd8 39. d6 (39. Qb6) 39... Qh4 40. Re2 $2 (40.
Re4 $1) 40... Nd4 $6 (40... Qd4+ 41. Kh2 Qf4+ 42. Kg1 Qd4+) 41. Rf2 Qg3 42. d7
Bxd7 43. Qxd7 $2 (43. Nxd7 Rf5 44. Qa8+ $18) 43... Qxe5 44. c6 (44. Qd6) 44...
Qe1+ 45. Rf1 Nxf3+ 46. gxf3 Qg3+ 47. Kh1 Qxh3+ 48. Kg1 Qg3+ 49. Kh1 Rf4 50.
Qxe6+ Kg7 51. Qe7+ $4 (51. Qd7+ Kh6 52. Qd2) 51... Kh6 52. Qe3 Qg5 53. Qf2 Rh4+
54. Qh2 Rxh2+ 55. Kxh2 Qc5 56. Re1 Qf2+ 0-1

[Event "OGD Prinsenstad-toernooi - A groep"]
[Site "Delft"]
[Date "2011.04.23"]
[Round "3.8"]
[White "Thijs, Roorda"]
[Black "Law, Nicky"]
[Result "0-1"]
[WhiteElo "2059"]
[BlackElo "2158"]
[PlyCount "40"]
[EventDate "2011.04.22"]
[EventType "swiss"]
[EventRounds "6"]
[EventCountry "NED"]
[Source "DSC"]
[SourceDate "2011.04.22"]

1. e4 c5 2. Nf3 d6 3. d4 cxd4 4. Nxd4 Nf6 5. Nc3 g6 6. Be3 Bg7 7. f3 Nc6 8. Qd2
O-O 9. Bc4 Bd7 10. O-O-O Rb8 11. h4 b5 12. Bb3 Na5 13. Nd5 Nxd5 14. Bxd5 Nc4
15. Bxc4 bxc4 16. c3 Qa5 17. a3 Rb7 18. Bh6 Rfb8 19. Bxg7 Qxa3 20. Nc2 Qxb2#
0-1

[Event "OGD Prinsenstad-toernooi - A groep"]
[Site "Delft"]
[Date "2011.04.23"]
[Round "4.1"]
[White "Van den Doel, Erik"]
[Black "Reinderman, Dimitri"]
[Result "1/2-1/2"]
[WhiteElo "2557"]
[BlackElo "2606"]
[PlyCount "21"]
[EventDate "2011.04.22"]
[EventType "swiss"]
[EventRounds "6"]
[EventCountry "NED"]
[Source "DSC"]
[SourceDate "2011.04.22"]

1. e4 c5 2. Nf3 Nc6 3. d4 cxd4 4. Nxd4 g6 5. c4 Bg7 6. Be3 Nf6 7. Nc3 O-O 8.
Be2 d6 9. O-O Nxd4 10. Bxd4 Bd7 11. Re1 1/2-1/2

[Event "OGD Prinsenstad-toernooi - A groep"]
[Site "Delft"]
[Date "2011.04.23"]
[Round "4.5"]
[White "Haver, Bas"]
[Black "Ootes, Lennart"]
[Result "1/2-1/2"]
[WhiteElo "1958"]
[BlackElo "2266"]
[Annotator "Prinsenstad-toernooi"]
[PlyCount "153"]
[EventDate "2011.04.22"]
[EventType "swiss"]
[EventRounds "6"]
[EventCountry "NED"]
[Source "DSC"]
[SourceDate "2011.04.22"]

1. e4 e5 2. Nf3 Nc6 3. Bc4 Nf6 4. d3 h6 5. O-O d6 6. h3 g6 7. Nc3 Bg7 8. Be3
O-O 9. Qd2 Kh7 10. Nh2 Na5 11. Bb3 c6 12. f4 exf4 13. Rxf4 Nxb3 14. axb3 Nh5
15. Rf3 d5 16. exd5 cxd5 17. Bc5 Re8 18. Rxf7 d4 19. Ne4 Qd5 20. Rxg7+ Kxg7 21.
Qb4 Bf5 22. Qxd4+ Qxd4+ 23. Bxd4+ Kh7 24. Nd6 Red8 25. Be5 Bc8 26. g4 Ng7 27.
Rf1 Ne6 28. Rf7+ Kg8 29. Rf6 Rf8 30. Rxg6+ (30. Nxc8 Rxf6 31. Ne7+ Kg7) 30...
Kh7 31. Rf6 Rxf6 32. Bxf6 Nf4 33. h4 Nd5 34. g5 Nb4 35. Nf3 Nxc2 36. Ne5 hxg5
37. hxg5 Be6 38. Nxb7 Rb8 39. g6+ Kh6 40. Nd8 Bg8 41. Ndc6 Rb6 42. Nxa7 Ne3 43.
Be7 Kh5 44. Nac6 Bd5 45. Bc5 Rxc6 46. Nxc6 Bxc6 47. Bxe3 $2 (47. g7 Bd5 48.
Bxe3 $18) 47... Kxg6 48. Kf2 Kf5 49. Ke2 Ke6 50. Kd2 Kd5 51. Kc3 Bb5 52. b4 Ba4
53. Bc5 Bb5 54. b3 Ba6 55. Kd2 Bb5 56. Ke3 Bd7 57. Kf4 Bb5 58. d4 Bd3 59. Kg5
Bc2 60. b5 Bxb3 61. b6 Kc6 62. Kf5 Bd5 63. Kf4 Bh1 64. Ke5 Bf3 65. Ke6 Bd5+ 66.
Ke7 Be4 67. Kd8 Kb7 68. Ke7 (68. Kd7) 68... Bf3 (68... Kc6 69. Kd8 Bf5 70. d5+
Kb7 71. d6 (71. Ke7 Bh3 72. d6 Kc8) 71... Bh3) 69. Kd6 Be4 70. d5 Bf5 71. Ke7
Bc8 72. Be3 Bg4 73. d6 Kc6 74. Bf2 Bf5 75. Bg1 Bg4 76. d7 Bxd7 77. b7 1/2-1/2

[Event "OGD Prinsenstad-toernooi - A groep"]
[Site "Delft"]
[Date "2011.04.24"]
[Round "5.2"]
[White "Reinderman, Dimitri"]
[Black "Haslinger, Stewart"]
[Result "1-0"]
[WhiteElo "2606"]
[BlackElo "2529"]
[PlyCount "127"]
[EventDate "2011.04.22"]
[EventType "swiss"]
[EventRounds "6"]
[EventCountry "NED"]
[Source "DSC"]
[SourceDate "2011.04.22"]

1. c4 Nf6 2. g3 e5 3. Bg2 d5 4. cxd5 Nxd5 5. Nc3 Nb6 6. Nf3 Nc6 7. O-O Be7 8.
a3 O-O 9. b4 Be6 10. Rb1 f6 11. d3 a5 12. b5 Nd4 13. Nd2 Qc8 14. e3 Nf5 15. Bb2
Rd8 16. Qc2 a4 17. Rfc1 Nd6 18. Nde4 Ne8 19. Qe2 Bf8 20. f4 exf4 21. gxf4 Qd7
22. d4 Bc4 23. Qf2 Bd3 24. Ra1 Bxe4 25. Nxe4 Qxb5 26. Nc5 Bxc5 27. Rxc5 Qb3 28.
Bxb7 Rab8 29. Rc3 Qe6 30. f5 Qe7 31. Bg2 Nd6 32. Qc2 Nb5 33. Rd3 Nd6 34. Rf1
Re8 35. e4 Nbc4 36. Ba1 Rb5 37. Rc3 Qf7 38. Rc1 c5 39. Bf1 Rxe4 40. Qxe4 Nxe4
41. Bxc4 Nxc3 42. Bxf7+ Kxf7 43. Bxc3 cxd4 44. Bxd4 Rxf5 45. Rc4 Ra5 46. Bc3
Ra7 47. Kf2 Ke6 48. Ke3 Kd5 49. Kd3 h5 50. Rh4 f5 51. Rxh5 g6 52. Rh6 Ra6 53.
Rh7 Kc5 54. Bd4+ Kb5 55. Rf7 Rd6 56. Rf6 Kc6 57. h4 Kd5 58. Rxd6+ Kxd6 59. Ke3
Kd5 60. Bg7 Ke6 61. Kf4 Kf7 62. Bd4 Kg8 63. Kg5 Kh7 64. Be5 1-0

[Event "OGD Prinsenstad-toernooi - A groep"]
[Site "Delft"]
[Date "2011.04.24"]
[Round "5.7"]
[White "Brookes, Christopher"]
[Black "Haver, Bas"]
[Result "1-0"]
[WhiteElo "2032"]
[BlackElo "1958"]
[Annotator "Prinsenstad-toernooi"]
[PlyCount "37"]
[EventDate "2011.04.22"]
[EventType "swiss"]
[EventRounds "6"]
[EventCountry "NED"]
[Source "DSC"]
[SourceDate "2011.04.22"]

1. e4 c5 2. Nf3 d6 3. d4 cxd4 4. Nxd4 Nf6 5. Nc3 g6 6. Be3 Bg7 7. f3 O-O 8. Bc4
Nc6 9. Qd2 Bd7 10. O-O-O Rc8 11. Bb3 Ne5 12. h4 h5 13. g4 hxg4 14. h5 Rxc3 15.
Qxc3 Nxh5 16. Qd2 Qc8 17. Bh6 Nxf3 $4 18. Nxf3 gxf3 19. Rxh5 (19. Rxh5 gxh5 20.
Qg5 {En ondekbaar mat.}) 1-0

[Event "OGD Prinsenstad-toernooi - A groep"]
[Site "Delft"]
[Date "2011.04.24"]
[Round "5.15"]
[White "Segers, Hans"]
[Black "Dijkhuis, Tycho"]
[Result "0-1"]
[WhiteElo "2057"]
[BlackElo "1988"]
[Annotator "Prinsenstad-toernooi"]
[PlyCount "66"]
[EventDate "2011.04.22"]
[EventType "swiss"]
[EventRounds "6"]
[EventCountry "NED"]
[Source "DSC"]
[SourceDate "2011.04.22"]

1. e4 c5 2. Nf3 d6 3. d4 cxd4 4. Nxd4 Nf6 5. Nc3 e6 6. g4 h6 7. Be3 a6 8. f3 b5
9. Qd2 Nfd7 10. O-O-O Nb6 11. Qf2 N8d7 12. Kb1 Bb7 13. h4 Rc8 14. g5 Rxc3 15.
bxc3 hxg5 16. Bh3 Nc4 17. Nb3 Qc7 (17... Nxe3 18. Qxe3 gxh4 $19) 18. Bc1 Ndb6
19. hxg5 Na4 20. Rde1 g6 21. Qd4 Rg8 22. Bxe6 fxe6 23. Qf6 Qf7 24. Nd2 Bg7 25.
Qxf7+ Kxf7 26. Nxc4 bxc4 27. Bd2 Bc6 28. Rh7 Rb8+ 29. Ka1 Rb2 30. Rc1 Kg8 31.
Rch1 Rxc2 32. R1h2 Bxc3+ 33. Bxc3 Rc1# 0-1

[Event "OGD Prinsenstad-toernooi - A groep"]
[Site "Delft"]
[Date "2011.04.24"]
[Round "6.1"]
[White "Ootes, Lars"]
[Black "Reinderman, Dimitri"]
[Result "0-1"]
[WhiteElo "2391"]
[BlackElo "2606"]
[PlyCount "46"]
[EventDate "2011.04.22"]
[EventType "swiss"]
[EventRounds "6"]
[EventCountry "NED"]
[Source "DSC"]
[SourceDate "2011.04.22"]

1. e4 d6 2. d4 Nf6 3. Nc3 e5 4. Nf3 Nbd7 5. Bc4 Be7 6. O-O O-O 7. Re1 c6 8. a4
a5 9. h3 Nb6 10. Bf1 exd4 11. Nxd4 d5 12. e5 Ne8 13. Bd3 g6 14. Nf3 Ng7 15. Qd2
Re8 16. h4 Nd7 17. Qf4 Nc5 18. Bf1 Bf5 19. Re2 Nce6 20. Qh2 Bg4 21. Be3 Bxf3
22. gxf3 d4 23. Rd1 Qb6 0-1

[Event "OGD Prinsenstad-toernooi - B groep"]
[Site "Delft"]
[Date "2011.04.23"]
[Round "2.15"]
[White "Oudewaal, Vincent"]
[Black "Van der Weijde, André"]
[Result "1-0"]
[WhiteElo "1818"]
[BlackElo "1650"]
[Annotator "Prinsenstad-toernooi"]
[PlyCount "29"]
[EventDate "2011.04.22"]
[EventType "swiss"]
[EventRounds "6"]
[EventCountry "NED"]
[Source "DSC"]
[SourceDate "2011.04.22"]

1. f4 e5 2. fxe5 d6 3. Nf3 g5 4. h3 dxe5 5. e4 g4 6. hxg4 Bxg4 7. Bc4 Bc5 8.
Bxf7+ Kf8 (8... Kxf7 $4 9. Nxe5+ Kf8 10. Rf1+ Nf6 11. Nxg4 $18) 9. d3 Nd7 10.
Bb3 h6 11. Nc3 c6 12. Na4 Be7 13. O-O Kg7 $2 14. Nh4 $1 Bxd1 15. Rf7# 1-0

[Event "OGD Prinsenstad-toernooi - B groep"]
[Site "Delft"]
[Date "2011.04.23"]
[Round "3.2"]
[White "Flohr, Ron"]
[Black "Zevenhuizen, Daniël"]
[Result "1-0"]
[WhiteElo "1816"]
[BlackElo "1587"]
[Annotator "Prinsenstad-toernooi"]
[PlyCount "111"]
[EventDate "2011.04.22"]
[EventType "swiss"]
[EventRounds "6"]
[EventCountry "NED"]
[Source "DSC"]
[SourceDate "2011.04.22"]

1. d4 d5 2. Nf3 e6 3. e3 Nf6 4. Bd3 Nbd7 5. b3 b6 6. Nbd2 Bb7 7. Bb2 Bd6 8. O-O
Ne4 9. Ne5 Bxe5 10. dxe5 h5 11. Bb5 c6 12. Nxe4 dxe4 13. Be2 Qg5 14. Qd4 O-O-O
15. f4 Qg6 16. Qa4 Kb8 17. Ba3 f6 18. Rad1 fxe5 19. fxe5 Qg5 20. Bd6+ Ka8 21.
Qxe4 c5 22. Bf3 $1 Rb8 (22... Bxe4 $4 23. Bxe4#) 23. Qf4 Qxf4 24. exf4 Bxf3 25.
Rxf3 Rb7 26. Rg3 Rg8 27. Rg6 Nf8 28. Bxf8 Rxf8 29. Rxe6 Rxf4 30. Rd8+ Rb8 31.
Rxb8+ Kxb8 32. Re8+ Kb7 33. Re7+ Ka6 34. Rxg7 Re4 35. Re7 Re2 36. h3 Rxc2 37.
g4 hxg4 38. hxg4 Rxa2 39. g5 Rb2 40. g6 Rxb3 41. Kg2 Rb4 42. Kf3 Rb1 43. Rc7
Kb5 44. g7 Rg1 45. Kf2 Rg5 46. e6 Kb4 47. Rf7 c4 48. e7 c3 49. e8=Q c2 50. Qe7+
Rc5 51. Qe1+ Kb3 52. Qc1 a5 53. g8=Q b5 54. Rf4+ Rc4 55. Rxc4 bxc4 56. Qg3+ 1-0

[Event "OGD Prinsenstad-toernooi - C groep"]
[Site "Delft"]
[Date "2011.04.22"]
[Round "1.2"]
[White "Bergshoeff, Bert"]
[Black "Van Gosliga, Jouke"]
[Result "1-0"]
[WhiteElo "1483"]
[BlackElo "1600"]
[Annotator "Prinsenstad-toernooi"]
[PlyCount "49"]
[EventDate "2011.04.22"]
[EventType "swiss"]
[EventRounds "6"]
[EventCountry "NED"]
[Source "DSC"]
[SourceDate "2011.04.22"]

1. d4 Nf6 2. c4 g6 3. Nc3 d5 4. Nf3 Bg7 5. Bg5 Ne4 6. e3 Nxg5 7. Nxg5 e5 8. Nf3
e4 9. Nd2 c6 10. Qc2 O-O 11. Be2 Na6 12. a3 Nc7 13. O-O Qg5 14. Rfe1 Bh3 15. g3
Rac8 16. Rac1 f5 17. cxd5 cxd5 18. Qb3 Kh8 19. Nxd5 $2 Qd8 20. Nf4 Bg4 21. Bxg4
fxg4 22. Nxe4 b6 23. Ne6 Nxe6 24. Qxe6 Rxc1 25. Rxc1 1-0

[Event "OGD Prinsenstad-toernooi - C groep"]
[Site "Delft"]
[Date "2011.04.23"]
[Round "1.4"]
[White "Karagantcheff, Dimitri"]
[Black "Haver, Sjoerd"]
[Result "0-1"]
[WhiteElo "1424"]
[BlackElo "1592"]
[Annotator "Prinsenstad-toernooi"]
[PlyCount "50"]
[EventDate "2011.04.22"]
[EventType "swiss"]
[EventRounds "6"]
[EventCountry "NED"]
[Source "DSC"]
[SourceDate "2011.04.22"]

1. f4 d5 2. Nf3 c5 3. g3 Nf6 4. Bg2 Bf5 5. d3 e6 6. O-O Qb6 7. Kh1 Nc6 8. c3
Be7 9. a4 h5 10. h3 c4 11. Ne5 Nxe5 12. fxe5 Nd7 13. d4 f6 14. Bxd5 $4 (14. Nd2
) 14... Bxb1 ({Wits idee was ongetwijfeld:} 14... exd5 $4 15. Rxf5 $17) 15.
exf6 Nxf6 16. Rxb1 $6 (16. Bxc4 $19) 16... exd5 17. Rf5 Ne4 (17... Qe6 $1 18.
Qc2 Ne4 19. Rf3 Qxh3+ 20. Kg1 $19) 18. Kg2 Nxc3 19. bxc3 Qxb1 20. Re5 Qg6 21.
Ba3 O-O 22. Rxe7 $19 {Met remiseaanbod.} Rae8 23. Rxe8 Rxe8 24. Qf1 Qe4+ 25.
Kf2 Qe3+ {En opgegeven.} 0-1

[Event "OGD Prinsenstad-toernooi - A groep"]
[Site "Delft"]
[Date "2012.04.06"]
[Round "1.1"]
[White "Reinderman, Dimitri"]
[Black "Dijkhuis, Tycho"]
[Result "1-0"]
[WhiteElo "2595"]
[BlackElo "2123"]
[PlyCount "99"]
[EventDate "2012.04.06"]
[EventType "swiss"]
[EventRounds "6"]
[EventCountry "NED"]
[Source "DSC"]
[SourceDate "2012.04.06"]

1. c4 Nf6 2. Nc3 g6 3. e4 d6 4. d4 Bg7 5. Bd3 Nc6 6. Nge2 O-O 7. O-O Nd7 8. Bc2
e5 9. d5 Nd4 10. Be3 Nxc2 11. Qxc2 Nb6 12. Qb3 f5 13. exf5 Bxf5 14. c5 dxc5 15.
Bxc5 Re8 16. Rad1 Kh8 17. Ng3 Qh4 18. Nb5 Nxd5 19. Nxf5 gxf5 20. g3 Qh5 21.
Rxd5 c6 22. Rd7 cxb5 23. Rxb7 a6 24. Qf7 Qxf7 25. Rxf7 Rac8 26. b4 Bf8 27. Rd1
Bxc5 28. bxc5 Rxc5 29. Rdd7 Rc2 30. Rxh7+ Kg8 31. Rhg7+ Kh8 32. h4 Rd8 33. Rh7+
Kg8 34. Rdg7+ Kf8 35. Ra7 Kg8 36. Rhe7 f4 37. Kg2 fxg3 38. Kxg3 Rc3+ 39. Kg4
Rc1 40. Rxe5 Rg1+ 41. Kh5 Rg7 42. Rg5 Rxg5+ 43. hxg5 Rd2 44. f4 Rxa2 45. Kg6
Kf8 46. f5 b4 47. f6 Re2 48. Ra8+ Re8 49. Rxe8+ Kxe8 50. Kg7 1-0

[Event "OGD Prinsenstad-toernooi - A groep"]
[Site "Delft"]
[Date "2012.04.06"]
[Round "1.2"]
[White "Zepeda, Lorena"]
[Black "Andersson, Ulf"]
[Result "0-1"]
[WhiteElo "2184"]
[BlackElo "2579"]
[PlyCount "64"]
[EventDate "2012.04.06"]
[EventType "swiss"]
[EventRounds "6"]
[EventCountry "NED"]
[Source "DSC"]
[SourceDate "2012.04.06"]

1. e4 c5 2. Nf3 g6 3. d4 Bg7 4. c4 d6 5. Nc3 Nf6 6. Be2 O-O 7. O-O Re8 8. dxc5
dxc5 9. Qxd8 Rxd8 10. Be3 b6 11. Rad1 Nc6 12. Nd5 Bb7 13. Nxf6+ Bxf6 14. b3 Nb4
15. e5 Bg7 16. a3 Nc2 17. Bc1 Bxf3 18. Bxf3 Rac8 19. Bg4 e6 20. Bb2 Nd4 21.
Bxd4 cxd4 22. f4 Bf8 23. Rd3 b5 24. cxb5 Bxa3 25. Bf3 Rc2 26. Bc6 Bc1 27. g4 g5
28. f5 Be3+ 29. Kh1 Ra2 30. fxe6 fxe6 31. Rfd1 Rf8 32. Bd7 Rff2 0-1

[Event "OGD Prinsenstad-toernooi - A groep"]
[Site "Delft"]
[Date "2012.04.06"]
[Round "1.5"]
[White "Kasparov, Sergey"]
[Black "Bakker, Guido"]
[Result "1-0"]
[WhiteElo "2493"]
[BlackElo "2114"]
[PlyCount "101"]
[EventDate "2012.04.06"]
[EventType "swiss"]
[EventRounds "6"]
[EventCountry "NED"]
[Source "DSC"]
[SourceDate "2012.04.06"]

1. e4 c5 2. Nf3 d6 3. d4 cxd4 4. Nxd4 Nf6 5. f3 e5 6. Nb3 d5 7. Bg5 Be6 8. Bxf6
gxf6 9. exd5 Qxd5 10. Qxd5 Bxd5 11. Nc3 Bc6 12. O-O-O Be7 13. Na5 Nd7 14. Nb5
Kd8 15. Bc4 Bb4 16. Nxc6+ bxc6 17. Nd6 Kc7 18. Nxf7 Rhg8 19. g4 e4 20. fxe4 Nb6
21. Bd3 Rxg4 22. Rdf1 Nd7 23. e5 fxe5 24. Bf5 Rg7 25. Bxd7 Kxd7 26. Nxe5+ Kc7
27. Rhg1 Rag8 28. Rxg7+ Rxg7 29. Rf7+ Rxf7 30. Nxf7 Be7 31. Kd2 Bf6 32. b3 Kd7
33. Kd3 Ke6 34. Nh6 Bg5 35. Ng4 Kf5 36. Ne3+ Kf4 37. Ke2 Ke4 38. Nd1 Bf6 39.
Nf2+ Kd4 40. c3+ Kxc3 41. Ne4+ Kb2 42. Nxf6 Kxa2 43. Nxh7 Kxb3 44. Nf6 c5 45.
h4 a5 46. Ne4 c4 47. Kd2 a4 48. h5 a3 49. Nc3 a2 50. Nxa2 Kxa2 51. Kc3 1-0

[Event "OGD Prinsenstad-toernooi - A groep"]
[Site "Delft"]
[Date "2012.04.06"]
[Round "1.16"]
[White "De Hoogt, Ivar"]
[Black "Kranenburg, Leo"]
[Result "0-1"]
[WhiteElo "1922"]
[BlackElo "2132"]
[Annotator "Prinsenstad-toernooi"]
[PlyCount "66"]
[EventDate "2012.04.06"]
[EventType "swiss"]
[EventRounds "6"]
[EventCountry "NED"]
[Source "DSC"]
[SourceDate "2012.04.06"]

1. e4 Nf6 2. Nc3 e5 3. g3 d5 4. exd5 Nxd5 5. Bg2 Nxc3 6. bxc3 Nc6 7. Ne2 Bg4 8.
O-O Be7 9. Rb1 Qc8 10. d3 (10. d4) 10... O-O 11. Be3 Rb8 12. Qd2 Bd6 13. f4
exf4 14. Nxf4 Qd7 15. Rb5 a6 16. Rg5 h6 17. Rxg7+ Kxg7 18. Nd5 Qe6 (18... Rh8
19. Rf6 Rh7) 19. Rf6 Qxf6 20. Nxf6 Kxf6 21. Bxh6 (21. Ba7 Nxa7 22. Qxh6+ Ke7
23. Qg5+ f6 24. Qxg4 Nc6 25. Bh3) 21... Rg8 22. Qe3 Rbe8 23. Be4 Be6 24. Qf3+ (
24. c4 Rg4 25. c3 Reg8 26. Kf1) 24... Ke7 25. Bxc6 bxc6 26. Qxc6 Rg6 27. Be3
Bd7 28. Qe4+ Re6 29. Bg5+ (29. Qh4+ f6 30. Qh6 Kd8 31. Bf2) 29... f6 30. Qh7+
Kd8 31. Bh4 Re1+ 32. Kf2 Bg4 33. Qe4 R1xe4 0-1

[Event "OGD Prinsenstad-toernooi - A groep"]
[Site "Delft"]
[Date "2012.04.07"]
[Round "2.1"]
[White "Meng, Roger"]
[Black "Reinderman, Dimitri"]
[Result "1-0"]
[WhiteElo "2333"]
[BlackElo "2595"]
[PlyCount "65"]
[EventDate "2012.04.06"]
[EventType "swiss"]
[EventRounds "6"]
[EventCountry "NED"]
[Source "DSC"]
[SourceDate "2012.04.06"]

1. d4 f5 2. Bg5 g6 3. Nc3 d5 4. h4 Bg7 5. Qd2 Be6 6. O-O-O Nd7 7. f3 c5 8. e3
Ngf6 9. Nge2 Bf7 10. Nf4 Qa5 11. Bb5 O-O-O 12. h5 c4 13. Bxd7+ Rxd7 14. hxg6
hxg6 15. Rxh8+ Bxh8 16. Rh1 Rd8 17. Nd1 Qc7 18. Nc3 a6 19. Na4 Bg7 20. Qb4 e5
21. dxe5 Qxe5 22. Nxg6 Bxg6 23. Bf4 Nd7 24. Bxe5 Bxe5 25. Rh6 Be8 26. Qe7 f4
27. Nb6+ Nxb6 28. Qxe5 Bc6 29. Qxf4 c3 30. bxc3 Nc4 31. Rh7 Bd7 32. Qf6 Nxe3
33. Rh8 1-0

[Event "OGD Prinsenstad-toernooi - A groep"]
[Site "Delft"]
[Date "2012.04.07"]
[Round "2.2"]
[White "Andersson, Ulf"]
[Black "Van Oosterom, Chiel"]
[Result "1-0"]
[WhiteElo "2579"]
[BlackElo "2348"]
[PlyCount "67"]
[EventDate "2012.04.06"]
[EventType "swiss"]
[EventRounds "6"]
[EventCountry "NED"]
[Source "DSC"]
[SourceDate "2012.04.06"]

1. Nf3 f5 2. d4 Nf6 3. g3 g6 4. Bg2 Bg7 5. O-O O-O 6. c4 d6 7. Nc3 c6 8. d5 Bd7
9. e4 fxe4 10. Ng5 Na6 11. Ngxe4 Nxe4 12. Nxe4 c5 13. Rb1 b5 14. b3 Rb8 15. Bg5
h6 16. Bd2 Qe8 17. Qc1 Kh7 18. Bc3 Qf7 19. Qd2 Bf5 20. Rbe1 bxc4 21. bxc4 Rb7
22. h3 Nb8 23. g4 Bxe4 24. Rxe4 Bxc3 25. Qxc3 Qg7 26. Qe3 Rf7 27. Re1 Nd7 28.
Rxe7 Ne5 29. Rxb7 Rxb7 30. Qe4 Rb4 31. Bf1 Ra4 32. f4 Nd7 33. Qe7 Nb6 34. Qd8
1-0

[Event "OGD Prinsenstad-toernooi - A groep"]
[Site "Delft"]
[Date "2012.04.07"]
[Round "2.3"]
[White "Kirana, Marco"]
[Black "Van den Doel, Erik"]
[Result "0-1"]
[WhiteElo "2258"]
[BlackElo "2569"]
[PlyCount "68"]
[EventDate "2012.04.06"]
[EventType "swiss"]
[EventRounds "6"]
[EventCountry "NED"]
[Source "DSC"]
[SourceDate "2012.04.06"]

1. Nf3 Nf6 2. g3 d5 3. d4 e6 4. Bg2 b5 5. O-O Bb7 6. Ne5 Nbd7 7. c4 bxc4 8.
Nxc4 c6 9. Ncd2 c5 10. dxc5 Bxc5 11. Nc3 O-O 12. Nb3 Be7 13. Re1 Ne5 14. Bf4
Nc4 15. Nd2 Rc8 16. Nxc4 Rxc4 17. Rc1 Qa5 18. Bd2 Qa6 19. b3 Rc6 20. a4 d4 21.
Nb5 Rxc1 22. Qxc1 Bxg2 23. Kxg2 Qb7+ 24. Kg1 Rc8 25. Qb2 e5 26. Rc1 a6 27.
Rxc8+ Qxc8 28. Na3 Qh3 29. f3 d3 30. Qxe5 dxe2 31. Qxe2 Bxa3 32. Qxa6 Bc5+ 33.
Kh1 Nh5 34. Be1 Nf4 0-1

[Event "OGD Prinsenstad-toernooi - A groep"]
[Site "Delft"]
[Date "2012.04.07"]
[Round "2.4"]
[White "Haslinger, Stewart"]
[Black "Goes, Sten"]
[Result "1-0"]
[WhiteElo "2533"]
[BlackElo "2206"]
[PlyCount "59"]
[EventDate "2012.04.06"]
[EventType "swiss"]
[EventRounds "6"]
[EventCountry "NED"]
[Source "DSC"]
[SourceDate "2012.04.06"]

1. e4 c5 2. Nf3 d6 3. d4 cxd4 4. Nxd4 Nf6 5. Nc3 a6 6. Be2 e5 7. Nb3 Be7 8. O-O
O-O 9. Re1 b5 10. Bg5 Nbd7 11. a4 b4 12. Nd5 Bb7 13. Bxf6 Nxf6 14. Bc4 Rc8 15.
Nxf6+ Bxf6 16. Qd3 Bg5 17. Re2 Qb6 18. a5 Qa7 19. Ra4 Be7 20. Rxb4 d5 21. Rxb7
dxc4 22. Rxa7 cxd3 23. cxd3 Bb4 24. Rxa6 Rfd8 25. g3 Rxd3 26. Re3 Rd1+ 27. Kg2
g5 28. Rb6 Be1 29. a6 Rc2 30. Rxe1 1-0

[Event "OGD Prinsenstad-toernooi - A groep"]
[Site "Delft"]
[Date "2012.04.07"]
[Round "2.5"]
[White "Kranenburg, Leo"]
[Black "Kasparov, Sergey"]
[Result "0-1"]
[WhiteElo "2132"]
[BlackElo "2493"]
[PlyCount "60"]
[EventDate "2012.04.06"]
[EventType "swiss"]
[EventRounds "6"]
[EventCountry "NED"]
[Source "DSC"]
[SourceDate "2012.04.06"]

1. e4 d5 2. exd5 Qxd5 3. Nc3 Qd6 4. Nf3 Nf6 5. d4 c6 6. Be3 Bf5 7. Ne5 Nbd7 8.
Nc4 Qc7 9. Bd3 Bxd3 10. Qxd3 e6 11. Ne4 Be7 12. Ng5 c5 13. dxc5 Nxc5 14. Qe2
O-O 15. O-O Rac8 16. Nd2 Na4 17. Qb5 Qc6 18. Qxc6 Rxc6 19. b3 Nc3 20. Rfe1 Nfd5
21. Ngf3 Nxe3 22. fxe3 b5 23. Nd4 Rc7 24. a4 bxa4 25. bxa4 a6 26. Kf2 g6 27.
Kf3 Rd8 28. N4b3 f5 29. Rec1 e5 30. e4 Bg5 0-1

[Event "OGD Prinsenstad-toernooi - A groep"]
[Site "Delft"]
[Date "2012.04.07"]
[Round "2.6"]
[White "Hovhanisian, Mher"]
[Black "Kasparova, Tatiana"]
[Result "1-0"]
[WhiteElo "2489"]
[BlackElo "2184"]
[PlyCount "57"]
[EventDate "2012.04.06"]
[EventType "swiss"]
[EventRounds "6"]
[EventCountry "NED"]
[Source "DSC"]
[SourceDate "2012.04.06"]

1. Nf3 Nf6 2. g3 b6 3. Bg2 Bb7 4. c4 c5 5. O-O e6 6. Nc3 d6 7. b3 Be7 8. Bb2
O-O 9. d4 cxd4 10. Nxd4 Bxg2 11. Kxg2 a6 12. e3 Ra7 13. Qf3 Rd7 14. Rfd1 d5 15.
cxd5 Nxd5 16. Nxd5 Rxd5 17. Nf5 Bf6 18. Nh6+ Kh8 19. Rxd5 exd5 20. Bxf6 Qxf6
21. Qxf6 gxf6 22. Rd1 Nc6 23. Rxd5 Kg7 24. Nf5+ Kg6 25. Nh4+ Kg7 26. Rd6 Rc8
27. Nf5+ Kf8 28. Rxf6 b5 29. Rh6 1-0